000 00412nab a22001457 4500
003 ES-SlBCS
005 20220114211659.0
008 220114s2021 sp ||||| |||| 00| 0 spa d
040 _aES-SlBCS
_bspa
041 _aspa
100 1 _aMartín, Mar
_9254389
245 1 0 _aInnovación educativa en compañía
_cMar Martín
773 0 _gNúm. 280, 2021, págs. 4-13
_tEducadores
_wRev370
_x0013-1113
942 _2lcc
_cAR
999 _c876665
_d876665